Reconocimiento de la región andina de la República Argentina. I, Apuntes preliminares sobre una excursión a los territorios del Neuquén, Río Negro, Chubut y Santa Cruz
Guardat en:
| Autors principals: | , |
|---|---|
| Autor corporatiu: | |
| Format: | Llibre |
| Idioma: | espanyol |
| Publicat: |
La Plata
Museo de La Plata
1897
|
| Edició: | 1a. ed |
| Matèries: | |
| Etiquetes: |
Afegir etiqueta
Sense etiquetes, Sigues el primer a etiquetar aquest registre!
|
MARC
| LEADER | 00000nam a2200000 a 4500 | ||
|---|---|---|---|
| 001 | UCJ5458 | ||
| 003 | CL-VaPUC | ||
| 005 | 20250227100125.0 | ||
| 008 | 070124e18970000AG |||||||||||||||||spa|d | ||
| 999 | |c 321567 |d 321565 | ||
| 040 | |c Pontificia Universidad Católica de Valparaíso | ||
| 082 | 0 | 4 | |a 910.4 |b MOR |2 21 |
| 100 | 1 | |a Moreno, Francisco Pascasio |e autor |9 868451 | |
| 110 | 2 | |a Museo de La Plata |e author |9 510656 | |
| 245 | 1 | 0 | |a Reconocimiento de la región andina de la República Argentina. I, Apuntes preliminares sobre una excursión a los territorios del Neuquén, Río Negro, Chubut y Santa Cruz |
| 246 | 1 | 0 | |a Aplicación de las Ciencias naturales a la colonización de las costas del Sud |
| 246 | 1 | 3 | |a La paleontología y el origen del mundo orgánico |
| 246 | 1 | 0 | |a Fines de verano en la Tierra del Fuego |
| 250 | |a 1a. ed | ||
| 260 | |a La Plata |b Museo de La Plata |c 1897 | ||
| 300 | |a pág. irreg | ||
| 583 | |a last modification |c 20070124 00:00:00 |k Rodrigo Vera | ||
| 650 | 0 | |a Viajes |9 257115 | |
| 650 | 0 | |a Expediciones científicas |9 265222 | |
| 650 | 0 | |a Descubrimientos geográficos |9 331933 | |
| 650 | 0 | |a Araucanos |9 314060 | |
| 650 | 7 | |a FLORA |2 CL-VaPUC |9 264745 | |
| 650 | 7 | |a FAUNA |2 CL-VaPUC |9 349523 | |
| 650 | 0 | |a Paleontología |9 314794 | |
| 650 | 0 | |a Ilustraciones |9 369481 | |
| 651 | 0 | |a Argentina |9 254888 | |
| 651 | 0 | |a Patagonia |9 269580 | |
| 700 | 0 | |a Roth, Santiago |e author |9 510655 | |
| 942 | |c BK |2 ddc | ||
| 945 | |d 20070124 00:00:00 |a rinostro | ||
| 952 | |0 0 |1 0 |4 0 |6 910_400000000000000_MOR_1897 |7 0 |8 X |9 400340 |a FDOBUD |b FDOBUD |d 2019-11-22 |i 1034952 |o 910.4 MOR 1897 |p 1034952 |r 2019-11-22 |w 2019-11-22 |y BK_X |k BUD | ||